| 000 | 00888pam a2200277 a 4500 | ||
|---|---|---|---|
| 001 | 2562157 | ||
| 003 | OSt | ||
| 005 | 20240226074104.0 | ||
| 008 | 951005s1996 moua f 001 0 eng c | ||
| 010 | _a 95042301 | ||
| 020 | _a0815111029 | ||
| 040 |
_aDNLM/DLC _cDLC _dDLC |
||
| 050 | 0 | 0 |
_aRD799 _b.H36 1996 |
| 060 | 1 | 0 | _aWE 39 H2365 1995 |
| 082 | 0 | 0 |
_aWE 39 H19 1996 _220 |
| 100 |
_aEditor, Brent, Brotzman S. _916904 |
||
| 245 | 0 | 0 | _aHandbook of Orthopaedic Rehabilitation |
| 260 |
_aSt. Louis; _bMosby, _cc1996. |
||
| 300 |
_axiv, 384 p. : _bill. (some col.) ; _c22 cm. |
||
| 500 | _aIncludes index. | ||
| 650 | 0 |
_xRehabilitation _92878 |
|
| 650 | 0 |
_aOrthopedics _92873 |
|
| 906 |
_a7 _bcbc _corignew _d1 _eocip _f19 _gy-gencatlg |
||
| 942 |
_2z _cSLOAN |
||
| 999 |
_c1070 _d1070 |
||